Instabilities and nonequilibrium structures IV
Guardat en:
| Autors principals: | , |
|---|---|
| Format: | Llibre |
| Idioma: | anglès |
| Publicat: |
Dordrecht
Kluwer Academic Publishers
1993
|
| Col·lecció: | Mathematics and Its Applications
|
| Matèries: | |
| Etiquetes: |
Afegir etiqueta
Sense etiquetes, Sigues el primer a etiquetar aquest registre!
|
MARC
| LEADER | 00000nam a2200000 a 4500 | ||
|---|---|---|---|
| 001 | UCT5083 | ||
| 003 | CL-VaPUC | ||
| 008 | 961129e19930000ne |||||||||||||||||eng|d | ||
| 082 | 0 | 4 | |a 536.7 |b TIR |2 21 |
| 100 | 0 | |a Tirapegui, Enrique |e author |9 374359 | |
| 700 | 0 | |a Zeller Allier, Walter |e author |9 374360 | |
| 245 | 1 | 0 | |a Instabilities and nonequilibrium structures IV |
| 300 | |a 371 p | ||
| 942 | |c BK | ||
| 945 | |d 19961129 00:00:00 |a rleighto | ||
| 260 | |a Dordrecht |b Kluwer Academic Publishers |c 1993 | ||
| 650 | 0 | |a Mecánica estadística |9 261055 | |
| 650 | 0 | |a Sistemas dinámicos |9 260496 | |
| 650 | 0 | |a Procesos estocásticos |9 260364 | |
| 650 | 0 | |a Termodinámica |9 259320 | |
| 650 | 0 | |a Dinámica de fluidos |9 260582 | |
| 583 | |a last modification |c 20171116 05:49:15 |k Rodrigo Vera | ||
| 490 | 0 | |a Mathematics and Its Applications | |
| 999 | |c 254103 |d 254101 | ||
| 952 | |0 0 |1 0 |4 0 |6 536_700000000000000_TIR_1993 |7 0 |8 A |9 275500 |a BIBCUR |b BIBCUR |d 2019-11-19 |i 3582086 |o 536.7 TIR 1993 |p 3582086 |r 2025-04-22 |w 2019-11-19 |y BK |k BCB | ||
| 952 | |0 0 |1 0 |4 0 |6 536_700000000000000_TIR_1993 |7 0 |8 A |9 275502 |a BIBCUR |b BIBCUR |d 2019-11-19 |i 3582108 |o 536.7 TIR 1993 |p 3582108 |r 2025-04-22 |w 2019-11-19 |y BK |k BCB | ||
| 952 | |0 0 |1 0 |4 0 |6 536_700000000000000_TIR_1993 |7 0 |8 A |9 275503 |a BIBCUR |b BIBCUR |d 2019-11-19 |i 3582094 |o 536.7 TIR 1993 |p 3582094 |r 2025-04-22 |w 2019-11-19 |y BK |k BCB | ||